000
00264nam a22000977a 4500
999
_c
11232
_d
11232
008
181106b ||||| |||| 00| 0 eng d
020
_a
9788183507813
100
_a
Grewals,T.S.
_9
3993
245
_a
Double Entry Book Keeping-XI
260
_a
New Delhi
_b
Sultan Chand
_c
2018